|
|
|
|
| LEADER |
01985pam\a2200421\a\4500 |
| 001 |
AALProQuestebook000006 |
| 003 |
BD-DhAAL |
| 006 |
m||||||||d|||||||| |
| 007 |
cr|||||||||||| |
| 008 |
210731s2021\\\\xx\\\\\\o\\\\\||||0\eng\d |
| 020 |
|
|
|a 9781789972405
|
| 020 |
|
|
|a 9781789972436
|
| 035 |
|
|
|a (MiAaPQ)EBC6567132
|
| 035 |
|
|
|a (Au-PeEL)EBL6567132
|
| 035 |
|
|
|a (OCoLC)1249470789
|
| 040 |
|
|
|a BD-DhAAL
|
| 082 |
|
|
|a 370.117
|
| 100 |
|
|
|a Huber, Linda.
|9 41199
|
| 245 |
|
|
|a Intercultural communicative competence - a floating isgnifier
|h [electronic resource] :
|b assessing models in the study abroad context /
|c Linda Huber.
|
| 264 |
|
|
|a Oxford :
|b Peter Lang Ltd. International Academic Publishers,
|c c2021.
|
| 300 |
|
|
|a 1 online resource (346 pages)
|
| 490 |
|
|
|a Intercultural Studies and Foreign Language Learning Ser. ;
|v v.21
|
| 500 |
|
|
|a <strong>Off-Campus Access:</strong> Athens ID and Password Required
|
| 500 |
|
|
|a <strong>On-Campus Access:</strong> No User ID or Password Required
|
| 500 |
|
|
|a Access type: Perpetual
|
| 506 |
|
|
|a Electronic access restricted to authorized BRAC University faculty, staff and students
|
| 526 |
8 |
|
|a ENH
|x M. Mahmudul Hoque,
Assistant Professor
|
| 538 |
|
|
|a Mode of access: Internet
|
| 541 |
|
|
|a ProQuest
|h USD 121.90
|
| 650 |
|
|
|a Intercultural communication in education.
|9 42349
|
| 650 |
|
|
|a Foreign study.
|9 42350
|
| 655 |
|
|
|a Electronic books.
|
| 830 |
|
|
|a Intercultural Studies and Foreign Language Learning Ser.
|9 41201
|
| 852 |
|
|
|a Ayesha Abed Library
|
| 856 |
|
|
|z Full text available on ProQuest
|u https://ebookcentral.proquest.com/lib/bracu/detail.action?docID=6567132
|
| 942 |
|
|
|2 ddc
|c EBK
|
| 999 |
|
|
|c 43251
|d 43251
|
| 952 |
|
|
|0 0
|1 0
|2 ddc
|4 0
|6 370_117000000000000_HUB
|7 0
|9 69359
|a BRACUL
|b BRACUL
|d 2021-07-31
|e ProQuest
|g 10337.25
|l 0
|o 370.117 HUB
|r 2021-07-31
|t 1
|w 2021-07-31
|y EBK
|x As discussed with Acquisition team, according to invoice date (25.07.2021) of the ebook, converted USD 121.90 to BDT 10337.25
|